01575nam a2200253 i 4500001000400000003000400004005001700008008004100025040000800066080001000074100014000084245017500224260002100399500002100420520021200441650003300653700014100686700014200827700014500969700014101114942001201255999001501267952003901282BPPBPK20180412112417.0140226s1987 pl f f |000 0 pol | cBPK a621.5 aCZAPP, Marian.d1982 - 1996.bWyższa Szkoła Inżynierska w Koszalinie - Wydział Mechaniczny,cZakład Termodynamiki i Chłodnictwa aWyniki badań przepływowych i cieplnych oziębiaczy typu ONE 8-9A i ONB 8-50A.nCz.1 /cMarian Czapp, Tadeusz Bohdal, Henryk Charun, Juliusz Sławecki, Teresa Kacalak. aKoszalin,c1987. aDane z autopsji. aCelem opracowania jest przedstawienie charakterystyk przepływowych i cieplnych dostarczonych oziębiaczy powietrza, uzyskanych eksperymentalnie na stanowiskach badawczych w założonym zakresie ich pracy. 0aChłodnictwo - urządzenia. aKACALAK, Teresa.d1976 -1996.bWyższa Szkoła Inżynierska w Koszalinie - Wydział Mechaniczny,cZakład Termodynamiki i Chłodnictwa aBOHDAL, Tadeusz.d1976 - 1996.bWyższa Szkoła Inżynierska w Koszalinie - Wydział Mechaniczny,cZakład Termodynamiki i Chłodnictwa aSŁAWECKI, Juliusz.d1975 - 1992.bWyższa Szkoła Inżynierska w Koszalinie - Wydział Mechaniczny,cZakład Termodynamiki i Chłodnictwa aCHARUN, Henryk.d1982 - 1996.bWyższa Szkoła Inżynierska w Koszalinie - Wydział Mechaniczny,cZakład Termodynamiki i Chłodnictwa cMN2UKD c2004d2004 00104070aBPKbBPKoNB-209/IyMN